Statystyki dla Nowy rok w różnych językach

Kliknij tutaj aby rozwiązać quiz!

Ogólne statystyki

  • Ten quiz został rozwiązany 40 razy
  • Średni wynik to 9 z 15

Statystyki odpowiedzi

Słowo ''Nowy Rok''Język% Poprawnych
New YearAngielski
95%
Новый годRosyjski
95%
新的一年Chiński
92%
Nowy RokPolski
92%
新年Japoński
90%
Nouvelle annéeFrancuski
67%
Anno nuovoWłoski
62%
Ano NovoPortugalski
56%
Νέο έτοςGrecki
49%
Uusi vuosiFiński
44%
Yeni yılTurecki
44%
Nova GodinaChorwacki
38%
Нова годинаSerbski
36%
IanuariisŁaciński
28%
Bliain nuaIrlandzki
15%

Rozkład punktacji

Percentyl według liczby udzielonych odpowiedzi

Procent ludzi z każdym wynikiem

Twoja historia wyników

Nie rozwiązałeś tego quizu